| 000 | 00926nam a2200265Ia 4500 | ||
|---|---|---|---|
| 003 | OSt | ||
| 005 | 20220926012143.0 | ||
| 006 | a|||||r|||| 00| 0 | ||
| 007 | ta | ||
| 008 | 220923b |||||||| |||| 00| 0 eng d | ||
| 020 |
_a9781782383086 _c6154.62 |
||
| 037 |
_b8523, 17/01/2019, Efficient Book Distributors _cGeneral Book |
||
| 040 |
_aRTL _cRTL _beng |
||
| 041 |
_2eng _aeng |
||
| 082 | _aY9(LB), Q4 | ||
| 100 |
_aNARAINDAS Harish _9315634 |
||
| 245 | 0 |
_aAsymmetrical conversations _b Contestations, circumventions, and the blurring of therapeutic boundaries |
|
| 260 |
_aNew York _bBergahn Books _c2014 |
||
| 300 |
_av,269p _ccm. |
||
| 650 | _aSociology | ||
| 700 |
_a QUACK Johannes _928896 |
||
| 700 |
_a SAX William S _9315635 |
||
| 942 |
_hY9(LB), Q4 _cGB _2CC |
||
| 999 |
_c621911 _d621911 |
||